000 00319nam a22001457a 4500
008 221202b ||||| |||| 00| 0 eng d
020 _a9780763753795
041 _aeng
080 _a61
082 _a61JOH
100 _a3
101 _aMJEK
245 _aCOMPARATIVE HEALTH SYSTEMS
_cJOHNSON A J
942 _2udc
_cBK
999 _c59081
_d59081